Le salut est en vous / (Record no. 166427)

MARC details
000 -LEADER
campo de control de longitud fija 00772nam a22001815i 4500
001 - NÚMERO DE CONTROL
campo de control 166427
003 - IDENTIFICADOR DE NÚMERO DE CONTROL
campo de control ES-MaACL
005 - FECHA Y HORA DE LA ÚLTIMA TRANSACCIÓN
campo de control 20240126063022.0
008 - DATOS DE LONGITUD FIJA--INFORMACIÓN GENERAL
campo de control de longitud fija 000208s1893 fr |||| | fre d
040 ## - FUENTE DE CATALOGACIÓN
Centro catalogador/agencia de origen CCPB | B
Lengua de catalogación spa
Centro/agencia transcriptor CCPB | B
100 1# - ENTRADA PRINCIPAL--NOMBRE DE PERSONA
Nombre de persona Tolstói, Lev,
Fechas asociadas al nombre 1828-1910
9 (RLIN) 110489
245 13 - MENCIÓN DEL TÍTULO
Título Le salut est en vous /
Mención de responsabilidad, etc. Comte Léon Tosltoï.
250 ## - MENCION DE EDICION
Mención de edición Édition originale.
260 ## - PUBLICACIÓN, DISTRIBUCIÓN, ETC.
Lugar de publicación, distribución, etc. Paris :
Nombre del editor, distribuidor, etc. Librairie Académique Didier :
-- Perrin et C\pie\s, libraires-éditeurs,
Fecha de publicación, distribución, etc. 1893.
300 ## - DESCRIPCIÓN FÍSICA
Extensión [4], 390 p. ;
Dimensiones 19 cm.
852 ## - LOCALIZACIÓN
Ubicación ES-MaACL
Número de control de estantería F-9566
Nota libre -- Enc. hol. conservando la cub. original
Encuadernación -- Edic.: La pag. es [4], 389. [1] p. - En colofón consta el imp.: Tours : Imprimerie Deslis frères -- En la cub. original consta: Troisième mille
Holdings
Estatus retirado Estado de pérdida Estado de daño No para préstamo Colección Biblioteca de origen Biblioteca actual Ubicación en estantería Fecha de adquisición Fuente de adquisición Total de préstamos Signatura topográfica completa Código de barras Visto por última vez Precio de reemplazo Tipo de ítem Koha
        Libros del s. XIX Biblioteca del Ateneo de Madrid Biblioteca del Ateneo de Madrid Sala Pecera Planta 2 17/01/2008     F-9566 1174548 23/02/2023 23/02/2023 Libro impreso antiguo